| 000 | 01010nam a2200277Ia 4500 | ||
|---|---|---|---|
| 003 | OSt | ||
| 005 | 20221005104556.0 | ||
| 006 | a|||||r|||| 00| 0 | ||
| 007 | ta | ||
| 008 | 221004b |||||||| |||| 00| 0 urd d | ||
| 020 |
_a9789350641972 (pbk) _cINR 140.00 |
||
| 024 | _a41476 | ||
| 037 |
_b284, 15/02/2019, Eastern Book Linkers _cTextual |
||
| 040 |
_aCRL _cCRL _burd |
||
| 041 |
_2urd _aurd |
||
| 082 | _aO168,1M96x, 152Q7 | ||
| 100 | _aप्रकाश पंडित, संपा. | ||
| 245 | 0 | _aफिराक गोरखपुरी | |
| 246 | _aFirāk gorakhapurī | ||
| 260 |
_aदिल्ली _bराजपाल एन्ड सन्ज भारत _c2017 |
||
| 300 |
_a127पृ0 _ccm. |
||
| 650 | _a उर्दू साहित्य | ||
| 650 | _aउर्दू कविता | ||
| 942 |
_hO168,1M96x, 152Q7 _cTEXL _2cc |
||
| 999 |
_c1013144 _d1013144 |
||